Online
Catalog

Mujeres de la ANPA / (Record no. 49394)

MARC details
000 -CABECERA
campo de control de longitud fija 02318nam a22003257i 4500
003 - IDENTIFICADOR DEL NÚMERO DE CONTROL
campo de control DO-SdBNP
005 - FECHA Y HORA DE LA ÚLTIMA TRANSACCIÓN
campo de control 20250428114956.0
007 - CAMPO FIJO DE DESCRIPCIÓN FÍSICA--INFORMACIÓN GENERAL
campo de control de longitud fija ta
008 - DATOS DE LONGITUD FIJA--INFORMACIÓN GENERAL
campo de control de longitud fija 210217b2020 dr ac||| |||| 00| 0 spa d
040 ## - FUENTE DE LA CATALOGACIÓN
Centro catalogador/agencia de origen DO-SdBNP
Lengua de catalogación spa
Centro/agencia transcriptor BNPHU
Normas de descripción rda
082 #4 - NÚMERO DE LA CLASIFICACIÓN DECIMAL DEWEY
Número de clasificación 920.72
Número de documento/Ítem T693m
Número de edición 22
100 1# - ENTRADA PRINCIPAL--NOMBRE DE PERSONA
Nombre de persona Torres Ulloa, Alfonso,
9 (RLIN) 58620
Término indicativo de función/relación autor
245 10 - MENCIÓN DE TÍTULO
Título Mujeres de la ANPA /
Mención de responsabilidad, etc. Alfonso Torres Ulloa ; prólogo, Inés Amelia Brioso de León.
250 ## - MENCIÓN DE EDICIÓN
Mención de edición Primera edición
264 #1 - PRODUCCIÓN, PUBLICACIÓN, DISTRIBUCIÓN, FABRICACIÓN Y COPYRIGHT
Producción, publicación, distribución, fabricación y copyright Santo Domingo :
Nombre del de productor, editor, distribuidor, fabricante Impresión Leo Antillas, SRL
Fecha de producción, publicación, distribución, fabricación o copyright 2020.
300 ## - DESCRIPCIÓN FÍSICA
Extensión 244 páginas :
Otras características físicas ilustraciones, retratos ;
Dimensiones 23 cm.
336 ## - TIPO DE CONTENIDO
Fuente rdacontent
Término de tipo de contenido texto
Código de tipo de contenido txt
337 ## - TIPO DE MEDIO
Fuente rdamedia
Nombre/término del tipo de medio sin mediación
Código del tipo de medio n
338 ## - TIPO DE SOPORTE
Fuente rdacarrier
Nombre/término del tipo de soporte volumen
Código del tipo de soporte nc
500 ## - NOTA GENERAL
Nota general Incluye datos biográficos del autor en la contracubierta.
500 ## - NOTA GENERAL
Nota general Incluye referencias bibliográficas y notas al pie de las páginas
505 0# - NOTA DE CONTENIDO CON FORMATO
Nota de contenido con formato Presentación / Juan Marte Peña, Prólogo / Inés Amelia Brioso de León, Palabras del autor -- La participación de la mujer -- La situación de la mujer rural -- La participación de la mujer y la representación política, la cuota -- La participación de la mujer en la ANPA -- Desafíos de la mujer en la ANPA -- Perfiles de mujeres de la ANPA -- Yokasta Soto Roa -- Ana Padilla -- Inés Brioso -- Birmania Wagner -- Melidiana Vargas -- Teresita Ruiz Estrella -- Modesta Adames -- Margarita Cruz Ángeles -- Mayra Feliz -- Dania Montes de Oca -- Celeste Méndez -- Kenia Vizcaíno -- Carmen Luisa Díaz Ferreira -- Milosi Espinosa -- Elena Cruz de la Cruz -- Casilda Núñez -- Damiana González -- Rafaela Miranda -- Yokasta Galán -- Esmilda Estévez -- Ana Delia Méndez -- Magalis Álvarez -- Luz Guillermina Caraballo -- Elida Jiménez Ulloa -- Demetria -Adela- Cedano -- Salomé Peña -- Ruth Vásquez -- Albania Carrrasco Sosa -- Marina de la Cruz -- Paula Rodríguez -- Digna Álvarez -- Celeste Herasme -- Mujeres colaboradoras en la ANPA -- Día del Agrónomo Dominicano.
590 ## - NOTA LOCAL (RLIN)
Nota local Inventariado, 2021 /LP<br/><br/>
590 ## - NOTA LOCAL (RLIN)
Nota local La biblioteca posee 3 ejemplar autografiado por el autor.
650 #4 - PUNTO DE ACCESO ADICIONAL DE MATERIA--TÉRMINO DE MATERIA
Término de materia o nombre geográfico como elemento de entrada Mujeres
9 (RLIN) 13968
Subdivisión de forma Biografía.
650 #0 - PUNTO DE ACCESO ADICIONAL DE MATERIA--TÉRMINO DE MATERIA
Término de materia o nombre geográfico como elemento de entrada Mujeres en la agricultura
9 (RLIN) 85910
700 1# - PUNTO DE ACCESO ADICIONAL--NOMBRE DE PERSONA
Nombre de persona Brioso de León, Inés Amelia,
Término indicativo de función/relación prólogo
9 (RLIN) 77811
910 ## - DATOS DE OPCIÓN DEL USUARIO (OCLC)
Datos de opción del usuario LP/ Validado. Control de Calidad/MAA
942 ## - ELEMENTOS DE PUNTO DE ACCESO ADICIONAL (KOHA)
Fuente del sistema de clasificación o colocación Dewey Decimal Classification
Tipo de ítem Koha Libro
Holdings
Estado de retiro Estado de pérdida Fuente del sistema de clasificación o colocación Restricciones de uso No para préstamo Código de colección Localización permanente Ubicación/localización actual Ubicación en estantería Fecha de adquisición Fuente de adquisición Total de préstamos Signatura topográfica completa Código de barras Fecha visto por última vez Precio válido a partir de Tipo de ítem Koha Número de copia
    Dewey Decimal Classification Excluido de préstamo   Patrimonio Dominicano Biblioteca Nacional Pedro Henríquez Ureña Biblioteca Nacional Pedro Henríquez Ureña Depósito 17.02.2021 Depósito Legal   BNPHU PD 920.72 T693m 2021-0235 17.02.2021 17.02.2021 Libro  
    Dewey Decimal Classification Excluido de préstamo   Patrimonio Dominicano Biblioteca Nacional Pedro Henríquez Ureña Biblioteca Nacional Pedro Henríquez Ureña Depósito 17.02.2021 Depósito Legal   BNPHU PD 920.72 T693m 2021-0236 17.02.2021 17.02.2021 Libro e. 2
    Dewey Decimal Classification Préstamo en sala   Dominicana de Servicio Biblioteca Nacional Pedro Henríquez Ureña Biblioteca Nacional Pedro Henríquez Ureña Depósito 17.02.2021 Depósito Legal   BNPHU DS 920.72 T693m 2021-0238 17.02.2021 17.02.2021 Libro e. 3

Powered by Koha